<?xml version="1.0" encoding="UTF-8"?>
<collection xmlns="http://www.loc.gov/MARC21/slim">
 <record>
  <leader>00712nrm a22001575g 4500</leader>
  <controlfield tag="001">CEM.cems019159</controlfield>
  <controlfield tag="008">130507b199?##################0###0#####d</controlfield>
  <controlfield tag="005">20220829200232.0</controlfield>
  <controlfield tag="003">CEMS</controlfield>
  <datafield tag="245" ind1="0" ind2="0">
   <subfield code="a">Indicios [juego] /</subfield>
   <subfield code="c">Edukit</subfield>
  </datafield>
  <datafield tag="260" ind1=" " ind2=" ">
   <subfield code="a">Argentina :</subfield>
   <subfield code="b">Edukit,</subfield>
   <subfield code="c">[199?]</subfield>
  </datafield>
  <datafield tag="300" ind1=" " ind2=" ">
   <subfield code="a">1 juego (4 tableros, 1 dado, 400 tarjetas divididas en 4 rubros, 16 fichas) ; en caja 41 x 24 x 6 cm. + manual de instrucciones.</subfield>
  </datafield>
  <datafield tag="500" ind1=" " ind2=" ">
   <subfield code="a">Para 2 a 4 jugadores o equipos a partir de los 14 años  objetivo: ser el primero en completar las cuatro calles o recorridos del tablero adivinando las palabras.</subfield>
  </datafield>
  <datafield tag="082" ind1="0" ind2="4">
   <subfield code="a">J793.73</subfield>
  </datafield>
  <datafield tag="653" ind1=" " ind2=" ">
   <subfield code="a">1. juegos de preguntas y respuestas</subfield>
  </datafield>
  <datafield tag="859" ind1=" " ind2=" ">
   <subfield code="a">CEMS</subfield>
   <subfield code="b">BIB. CEMS - Ludoteca</subfield>
   <subfield code="h">J793.73</subfield>
   <subfield code="i">Ed84</subfield>
   <subfield code="p">063.92</subfield>
   <subfield code="t">Ej.1</subfield>
  </datafield>
 </record>
</collection>
